000 01234nam a2200325 a 4500
001 BRCA_8557
005 20190320210329.0
008 170816s1673----gw-a######---#000-0#lat-#
041 _alat
044 _agw
050 4 _aPA2001
_b.B37
_c1673
100 1 _aBarclaii, Joannis
_921439
245 1 0 _aArgenis, figuris aeneis adillustrata suffixo clave, hoc est, nominum propriorum explicationes, at que indice locupletissimo
_cJoannis Barclaii.
260 _aNoribergae
_bB.W. Endteri
_c1673
300 _a708 p.
_bil.
_c14 cm
500 _aFondo antiguo
500 _aSe encuentra en Caja Fuerte
500 _aW-27
500 _aCon dedicatoria: serenissimo & patentisssimo prinpici Ludovico XIII
500 _aGrabado en la anteportada, portada impresa a dos tintas negro y rojo
500 _aContiene prefacio
500 _aIncluye índice
500 _aUso de viñetas al final de cada capítulo
500 _aCon Ex-libris de: Franz Mayer
500 _aNota de encuadernación: piel con dorados, edición de cantos dorados
506 0 _aFondo reservado: para su consulta es necesario credencial de usuario y carta de motivos
650 1 4 _aLiteratura medieval y moderna
_921440
902 _aLAR
942 _2lcc
_cB
999 _c8220
_d8220